Métodos estadísticos (Registro nro. 1301)
[ vista simple ]
| 000 -LEADER | |
|---|---|
| fixed length control field | 01850 a2200205 4500 |
| 001 - CONTROL NUMBER | |
| control field | 25190 |
| 005 - DATE AND TIME OF LATEST TRANSACTION | |
| control field | 20260407155535.0 |
| 008 - FIXED-LENGTH DATA ELEMENTS--GENERAL INFORMATION | |
| fixed length control field | 260407a1967 arg spa d |
| 003 - CONTROL NUMBER IDENTIFIER | |
| control field | AR-UNSa-BCEJYS |
| 040 ## - CATALOGING SOURCE | |
| Original cataloging agency | AR-UNSa-BCEJYS |
| Language of cataloging | spa |
| Transcribing agency | AR-UNSa-BCEJYS |
| 080 ## - UNIVERSAL DECIMAL CLASSIFICATION NUMBER | |
| Universal Decimal Classification number | 519.2 |
| Common auxiliary subdivision | Probabilidades y estadística matemática<br/> |
| 100 1# - MAIN ENTRY--PERSONAL NAME | |
| Personal name | Rios, Sixto |
| 245 10 - TITLE STATEMENT | |
| Title | Métodos estadísticos |
| 250 ## - EDITION STATEMENT | |
| Edition statement | 5a. ed |
| 264 #1 - PRODUCTION, PUBLICATION, DISTRIBUTION, MANUFACTURE, AND COPYRIGHT NOTICE | |
| Place of production, publication, distribution, manufacture | Panamá : |
| Name of producer, publisher, distributor, manufacturer | Libros McGraw-Hill |
| Date of production, publication, distribution, manufacture, or copyright notice | 1967 |
| 300 ## - PHYSICAL DESCRIPTION | |
| Extent | 498 p. |
| Dimensions | 23 cm. |
| 505 ## - FORMATTED CONTENTS NOTE | |
| Formatted contents note | 1. Concepto de probabilidad - 2. Probabilidad condicionada. Dependencia e independencia - 3. Variable aleatoria discreta - 4. Caracteristicas de la distribución de una variable aleatiria discreta - 5. Espacios probabilisticos generales - 6. Variable aleatiria generales - 7. Caracteristicas de la distribución de una variable aletoria general - 8. Función caracteristica - 9. Algunas distribuciones continuas - 10. Variable estadisticas y variables aleatorias multidimensionales - 11. Cambios de variables - 12. Regresión y correlación - 13. Regresión y correlación para n variables - 14. algunas distribuciones n-variables - 15. Teoremas de limites - 16. Distribuciones asociadas al proceso de muestreo de una población paramétrica - 17. Distribuciones asociadas al proceso de muestreo de una población no paramétrica - 18. Estimación por intervalos de confianza - 19. Estimadores por punto - 20. Estimadores por punto para muestras grandes - 21. Test de hipótesis estadísticas - 22. Algunos test no paramétricos - 23. Muestras de poblaciónes finitas - 24. Aplicaciones a la medida de magnitudes físicas - 25. Análisis de la varianza - 26. Idea del diseño de experimentos - 27. Métodos de estimación en modelos lineales - 28. Método secuencial - 29. Proceso de decisión. |
| 590 ## - LOCAL NOTE (RLIN) | |
| Local note | niveau_biblio:m niveau_hierar:0 |
| 942 ## - ADDED ENTRY ELEMENTS (KOHA) | |
| Koha item type | |
| Withdrawn status | Lost status | Damaged status | Not for loan | Home library | Current library | Shelving location | Date acquired | Total checkouts | Full call number | Barcode | Date last seen | Price effective from | Koha item type |
|---|---|---|---|---|---|---|---|---|---|---|---|---|---|
| Biblioteca Prof. Eusebio Cleto del Rey | Biblioteca Prof. Eusebio Cleto del Rey | 07/04/2026 | 519.2 R586 5ed. | L22532 | 07/04/2026 | 07/04/2026 | Libro | ||||||
| Biblioteca Prof. Eusebio Cleto del Rey | Biblioteca Prof. Eusebio Cleto del Rey | 07/04/2026 | 519.2 R586 5ed. | L22533 | 07/04/2026 | 07/04/2026 | Libro |